00317nam a2200133Ia 4500008004100000020001400041041001200055082001600067100001600083245004400099260002500143300000800168650000700176221030s9999 xx 000 0 und d a822030299 aEnglish a105.23bRyd aJ. D. Ryder 0aNetworks Lines & Fieldscby J. D. Ryder bPHIaNew Delhic1999 a593 aEE